| 000 | 00343nam a2200121 4500 | ||
|---|---|---|---|
| 999 |
_c14365 _d14365 |
||
| 008 | 190913b ||||| |||| 00| 0 eng d | ||
| 100 |
_939609 _aDoquila, Gilford A. |
||
| 245 |
_aChess in Olympics?/ _cGilford A. Doquila. |
||
| 260 |
_aPhilippines: _bSun Star Davao; _cc2019. |
||
| 300 | _apage 16. | ||
| 650 | 0 |
_939610 _aSports. |
|
| 942 |
_2ddc _cPER |
||